00311nam a2200109 a 4500008004100000050002000041100002000061245005900081260003000140300002200170350000900192120416s1973 ||||||||||||||||| || u aTA 418.9.C3 Car aLangley, Marcus10aCarbon fibres in engineeringcedited by Marcus Langley aLondonbMcGraw-Hillc1973 aviii, 262p. : ill a0.00